00599nam a2200193 450000500170000002000340001704000330005108200170008410000260010124500520012725000120017926000410019130000260023250400190025865000300027765000310030765000410033870000260037920251005121008.0 a9789380559018cTZS 17240.29/= aMCCLbengeAACR 2nd rev. ed. a346.0486 CHO aChowee, Vijaykumar S. aAcquisition of patents procedure and practice / a1st ed. aHyderabad :bAsia Law House,cc2010. axiv, 256 p. :c24 cm. aIncludes index aApplying for patentzAsia aExamination of application aPre- grant opposition of Application aChowee, Vijaykumar S.